| 000 | 00367nam a22001457a 4500 | ||
|---|---|---|---|
| 003 | OSt | ||
| 008 | 230522b |||||||| |||| 00| 0 eng d | ||
| 041 | _aeng | ||
| 082 |
_a631.587 _bSRE/MA |
||
| 100 |
_aSre Ramulu, U.S _95472 |
||
| 245 | _aManagement of water resources in agriculture | ||
| 260 |
_aNew delhi _NNew age publication _c2005 |
||
| 300 | _a158 | ||
| 942 | _cBK | ||
| 999 |
_c17704 _d17704 |
||